000 00402pam a2200157a 44500
008 230515b1934 xxu||||| |||| 00| 0 eng d
020 _aNULL
041 _aMARATHI
082 _a1
100 _aKIJAWADEKAR
245 _aSUBHNTPRKARAN (MARATHI LAGHUSHIDHANT SANSKRIT-2
250 _a1
260 _aSANGAI
_bN.D.
_c1934
300 _a100
650 _aSUBHNTPRKARAN (MARATHI LAGHUSHIDHANT SANSKRIT-2
999 _c497022
_d497022